2018'de basın özgürlüğü: (Record no. 13282)

MARC details
000 -BAŞLIK
Sabit Uzunlukta Kontrol Alanı 01325nam a22003497a 4500
999 ## - SİSTEM KONTROL NUMARALARI (KOHA)
Koha Biblionumber 13282
Koha Biblioitemnumber 13282
003 - KONTROL NUMARASI IDENTIFIER
Denetim Alanı MIRAKIL
005 - SON İŞLEM TARİHİ VE ZAMANI
Denetim Alanı 20200618160337.0
008 - SABİT-BOY VERİ ELEMANLARI - GENEL BİLGİLER
Sabit Uzunlukta Kontrol Alanı 190610b tu ||||| |||| 00| 0 tur d
040 ## - KATALOGLAMA KAYNAK
Orijinal Kataloglama Ajansı TR-AnCHP
Kataloglama Dili tur
Metne Dönüştürmek Ajansı TR-AnCHP
041 ## - DİL KODU
Metin / Ses Parça Veya Ayrı Başlığın Dil Kodu Tur
082 ## - DEWEY ONLU SINIFLANDIRMA NUMARASI
Sınıflandırma Numarası CHP 323.445
Ürün Numarası C36i 2018
110 ## - ANA GİRİŞ - KURUMSAL ADI
Giriş Elemanı Olarak Kurumsal Ad Veya Yargı Alanı Adı Cumhuriyet Halk Partisi (CHP)
245 ## - BAŞLIK TABLOSU
Başlık 2018'de basın özgürlüğü:
Başlığın Kalan Kara tablo/
Sorumluluk Tablosu, Vb Cumhuriyet Halk Partisi ; Utku Çakırözer, Atilla Sertel.
246 ## - UNVAN FORM VARYING
Başlık Doğru / Kısa Başlığı Kara tablo/
260 ## - YAYIN, DAĞITIM, VB
Yayın, Dağıtım, Vb Yeri Ankara
Yayıncı, Dağıtıcı, Vs Adı CHP Basınla İlişkiler ve Kurumsal İletişim Başkanlığı
Yayın, Dağıtım, Vb Tarihi 2018
300 ## - FİZİKSEL TANIM
Kapsam 64 s.
Diğer Fiziksel Ayrıntıları fotg., grf.;
Boyutlar 21 sm.
440 ## - SERİSİ TABLOSU / KATMA GİRİŞİ - BAŞLIK
Başlık Cumhuriyet Halk Partisi yayınları
Bir İşin Parçası / Bölümün İsmi Raporlar
610 ## - KONU KATMA GİRİŞ - TOPLANTI ADI
Giriş Elemanı Olarak Kurumsal Ad Veya Yargı Alanı Adı AKP
Genel Alt Bölüm Siyaset ve yönetim
Kronolojik Alt Bölüm Medya politikaları
-- Eleştiriler
610 ## - KONU KATMA GİRİŞ - TOPLANTI ADI
Giriş Elemanı Olarak Kurumsal Ad Veya Yargı Alanı Adı CHP
Genel Alt Bölüm Basın ve siyaset
Kronolojik Alt Bölüm Raporlar
650 ## - KONU KATMA GİRİŞ - TOPİKAL DÖNEM
Topikal Süreli Veya Coğrafi Ad Giriş Elemanı Basın ve siyaset
Coğrafi Alt Bölümü Türkiye
650 ## - KONU KATMA GİRİŞ - TOPİKAL DÖNEM
Topikal Süreli Veya Coğrafi Ad Giriş Elemanı Siyasal hükümlüler
Genel Alt Bölümü Gazeteciler
Coğrafi Alt Bölümü Türkiye
650 ## - KONU KATMA GİRİŞ - TOPİKAL DÖNEM
Topikal Süreli Veya Coğrafi Ad Giriş Elemanı Basın özgürlüğü
Genel Alt Bölümü Hak ihlalleri
Coğrafi Alt Bölümü Türkiye
650 ## - KONU KATMA GİRİŞ - TOPİKAL DÖNEM
Topikal Süreli Veya Coğrafi Ad Giriş Elemanı Gazeteciler ve gazetecilik
Coğrafi Alt Bölümü Türkiye
700 ## - KATMA GİRİŞ - KİŞİSEL İSİM
9 (RLIN) 5791
Kişisel Ad Çakırözer, Utku
700 ## - KATMA GİRİŞ - KİŞİSEL İSİM
9 (RLIN) 5792
Kişisel Ad Sertel, Atilla
740 ## - KATMA GİRİŞ - KONTROLSUZ İLGİLİ / ANALİTİK BAŞLIK
Kontrol Edilmeyen / İlgili Analitik Başlıktaki Kara tablo /
830 ## - SERİSİ EKLENDİ GİRİŞ - ÜNİFORM ADI
Üniforma Başlık CHP raporları
942 ## - EKLENDİ GİRİŞ ELEMANLARI (KOHA)
Sınıflandırma Veya Raf Düzeni Kaynak Dewey Decimal Classification
Koha Öğesi Türü Books
999 ## - SİSTEM KONTROL NUMARALARI (KOHA)
Koha Biblioitemnumber 13282
Holdings
Kullanım Kısıtlamaları Kalıcı Konum Mevcut Konum Edinme Tarihi Toplam Check-Out'Lar Tam Çağrı Numarası Barkod Tarih Son Görülme İtibaren Geçerli Fiyatlar Koha Öğesi Türü
Kütüphane dışına çıkarılamaz ARŞİV ARŞİV 06/10/2019   CHP 323.445 C36i 2018 019178 06/10/2019 06/10/2019 Books